Catálogo
 En Linea

Handbook to higher consciousness / (Registro nro. 42542)

Detalles MARC
000 -CABECERA
campo de control de longitud fija 00549nam a2200181 a 4500
001 - NÚMERO DE CONTROL
campo de control 000043053
005 - FECHA Y HORA DE LA ÚLTIMA TRANSACCIÓN
campo de control 20201002040613.0
008 - DATOS DE LONGITUD FIJA--INFORMACIÓN GENERAL
campo de control de longitud fija 140218s1982 caua 000 0 spa d
020 ## - NÚMERO INTERNACIONAL ESTÁNDAR DEL LIBRO
Número Internacional Estándar del Libro 0960068880
040 ## - FUENTE DE LA CATALOGACIÓN
Centro catalogador/agencia de origen DO-SdBNP
Lengua de catalogación spa
Centro/agencia transcriptor BNPHU
082 ## - NÚMERO DE LA CLASIFICACIÓN DECIMAL DEWEY
Número de clasificación xxx
Número de documento/Ítem xxx
100 1# - ENTRADA PRINCIPAL--NOMBRE DE PERSONA
Nombre de persona Keyes, Ken
9 (RLIN) 70577
245 10 - MENCIÓN DE TÍTULO
Título Handbook to higher consciousness /
Mención de responsabilidad, etc. Ken Keyes, Jr.
250 ## - MENCIÓN DE EDICIÓN
Mención de edición 6a ed,
260 ## - PUBLICACIÓN, DISTRIBUCIÓN, ETC.
Lugar de publicación, distribución, etc. Berkeley, California :
Nombre del editor, distribuidor, etc. Living Love Center,
Fecha de publicación, distribución, etc. 1982.
300 ## - DESCRIPCIÓN FÍSICA
Extensión xvi, 215 p. :
Otras características físicas il. ;
Dimensiones 22 cm.
500 ## - NOTA GENERAL
Nota general First-2d ed. published under title: Living love.
Existencias
Estado de retiro Estado de pérdida Restricciones de uso No para préstamo Código de colección Localización permanente Ubicación/localización actual Ubicación en estantería Fecha de adquisición Número de inventario Total de préstamos Signatura topográfica completa Código de barras Fecha visto por última vez Precio válido a partir de Tipo de ítem Koha
      Excluido de préstamo Monografías: Libros y Folletos General General En catalogación 18.02.2014 LF1   xxx xxx 43053-10 25.06.2020 25.06.2020 No se presta
        Monografías: Libros y Folletos General General Orden iniciada 18.02.2014 LF1   xxx xxx 43054-10 25.06.2020 25.06.2020 No se presta
      Excluido de préstamo Monografías: Libros y Folletos General General Depósito 18.02.2014 LF1   xxx xxx 43055-10 25.06.2020 25.06.2020 No se presta

Con tecnología Koha